Turkey at the crossroads : Ottoman legacies and a greater Middle East
Αποθηκεύτηκε σε:
| Κύριος συγγραφέας: | |
|---|---|
| Άλλοι συγγραφείς: | |
| Μορφή: | Βιβλίο |
| Γλώσσα: | English |
| Δημοσίευση: |
London; New York :
Zed Books,
2001
|
| Θέματα: | |
| Ετικέτες: |
Προσθήκη ετικέτας
Δεν υπάρχουν, Καταχωρήστε ετικέτα πρώτοι!
|
MARC
| LEADER | 00000nam a2200000 i 4500 | ||
|---|---|---|---|
| 001 | 1/43960 | ||
| 008 | 031030s2001 eng d | ||
| 020 | |a 1856498662 | ||
| 035 | |l 10071456 | ||
| 040 | |a GR-MY-UA |b gre |e aacr | ||
| 041 | 0 | |a eng | |
| 082 | 0 | |a 956.102 |2 (21) | |
| 100 | 1 | |a Jung, Dietrich |d 1959- | |
| 245 | 1 | 0 | |a Turkey at the crossroads : |b Ottoman legacies and a greater Middle East / |c Dietrich Jung with Wolfango Piccoli |
| 260 | |a London; New York : |b Zed Books, |c 2001 | ||
| 300 | |a vii, 231 σ.; |c 23 εκ. | ||
| 504 | |a Περιέχει βιβλιογραφία και ευρετήριο | ||
| 651 | 0 | |a Turkey |x Politics and government |y 20th century. | |
| 651 | 0 | |a Turkey |x Politics and government |y 1909- | |
| 651 | 0 | |a Turkey |x Foreign relations. | |
| 700 | 1 | |a Piccoli, Wolfango |d 1970- | |
| 852 | |a INST |b LESVOS |e 20031030 |h 956.102 JUN |p 005100029595 |q 005100029595 |t BK |y 0 | ||
| 901 | |a BIBL1-2003-3 | ||
| 909 | |a Λ |b 106766 | ||
| 922 | |a 1ΕΛΗ |b 200310 |c ΕΠΕΑΕΚ2/ΤΚΑ |d ΜΙΧΑΛΟΠΟΥΛΟΣ | ||
| 950 | |a 117-2003-09-05 | ||
| 970 | |a ΚΑΡΑ |b ΓΙΑΣΕΜΗ |z 2003/11/21 | ||